000 00694nam a2200241 a 4500
001 BRL_1177
005 20190320211053.0
008 211113s1960----nyua######---#000-0#eng-#
041 _aeng
044 _anyu
050 4 _aF1219.3.R38
_b.S45 1960
100 1 _aSéjourné, Laurette
_923860
245 1 0 _aBurning Water
_bTrought and Religion in Ancient Mexico
_cBy Laurette Séjourné.
260 _aNew York
_bGrove Press
_c1960
300 _axiii, 192 p.
_bil.
_c20 cm.
440 0 _aMyth and Man
_926016
500 _aAu1358
650 1 4 _aQuetzalcóatl (Dios azteca)
_923872
650 1 4 _aAztecas
_xReligión
_95290
650 1 4 _aMitología Azteca
_92487
902 _aGRL
942 _2lcc
_cB
999 _c9989
_d9989